000 00580nam a2200229 u 4500
001 AC-000000130
005 20230623063534.0
008 001023s2000 r 000 0 eng d
035 _aUPN01000135595
100 1 _aWOLDENBERG, José
240 0 _aHistoria del SPAUNAM LI : la solidaridad
245 1 0 _aFORO UNIVERSITARIO
300 _a11-16
362 _a1986 2a época, año 6, no. 65, abr.
653 0 _aSPAUNAM
653 0 _$PERSONAL ACADEMICO
650 _aUV
650 _aUNIVERSIDADES
650 _aHUELGAS
650 2 _aSindicatos
_98186
650 _aCB
999 _c107746
_d107746